Vista normal Vista MARC

Entrada Personal Name

Número de registros utilizados en: 1

001 - CONTROL NUMBER

  • control field: 13716

003 - CONTROL NUMBER IDENTIFIER

  • control field: OSt

005 - DATE AND TIME OF LATEST TRANSACTION

  • control field: 20210219163356.0

008 - FIXED-LENGTH DATA ELEMENTS

  • fixed length control field: 210219|| aca||aabn | a|a d

040 ## - CATALOGING SOURCE

  • Original cataloging agency: OSt
  • Transcribing agency: OSt

100 ## - HEADING--PERSONAL NAME

  • Personal name: Gaitán García, Olga Lucía

670 ## - SOURCE DATA FOUND

  • Source citation: Work cat.: (OSt): Gaitán García, Olga Lucía, autora, Los derechos a la vida, a la integridad personal y a la libertad y a la seguridad personales : , 2005